Determinujúci je vývoj ekonomiky

Rozhovor s Vladimírom Kubrickým, vedúcim oddelenia peňažného trhu Istrobanky, a.s., o súčasnej situácii na slovenskom peňažnom a devízovom trhu. Vývoj slovenskej koruny a úrokových sadzieb. Výnosy zo štátnych pokladničných poukážok. Vývoj slovenskej koruny v r. 1997 na devízovom trhu. Faktory vplýva...

Ausführliche Beschreibung

Gespeichert in:
Bibliographische Detailangaben
1. Verfasser: Kubrický, Vladimír
Weitere Verfasser: Legéň, Anton
Format: Buch
Sprache:Slowakisch
Schlagworte:
Tags: Tag hinzufügen
Keine Tags, Fügen Sie das erste Tag hinzu!

MARC

LEADER 00000nam a2200000 4500
001 r030147
005 20230824093257.2
041 0 |a slo 
044 |a SK 
245 1 0 |a Determinujúci je vývoj ekonomiky  |c Vladimír Kubrický, Anton Legéň 
520 |a Rozhovor s Vladimírom Kubrickým, vedúcim oddelenia peňažného trhu Istrobanky, a.s., o súčasnej situácii na slovenskom peňažnom a devízovom trhu. Vývoj slovenskej koruny a úrokových sadzieb. Výnosy zo štátnych pokladničných poukážok. Vývoj slovenskej koruny v r. 1997 na devízovom trhu. Faktory vplývajúce na vývoj peňažného a devízového trhu. 
610 2 0 |a trh peňažný 
610 2 0 |a trh devízový 
610 2 0 |a trh finančný 
610 2 0 |a Slovensko 
610 2 0 |a sadzby úrokové 
610 2 0 |a poukážky pokladničné 
610 2 0 |a koruna 
610 2 0 |a kurz devízový 
610 2 0 |a Istrobanka, a.s. Bratislava 
100 1 |a Kubrický, Vladimír 
700 1 |a Legéň, Anton